书目信息 |
| 题名: |
坏人来了,怎么办
|
|
| 作者: | 马枭 著 | |
| 分册: | ||
| 出版信息: | 长春 吉林美术出版社 2016 |
|
| 页数: | 124页 | |
| 开本: | 21cm | |
| 丛书名: | ||
| 单 册: | ||
| 中图分类: | X956-49 | |
| 科图分类: | ||
| 主题词: | 安全教育--儿童读物 | |
| 电子资源: | ||
| ISBN: | 978-7-5575-0853-1 | |
| 000 | 00619nam0 2200217 450 | |
| 001 | 5423 | |
| 005 | 20180528202928.52 | |
| 010 | @a978-7-5575-0853-1@dCNY19.90 | |
| 100 | @a20160923d2016 cemy0chiy50 ea | |
| 101 | 0 | @achi |
| 102 | @aCN@b220000 | |
| 105 | @aa z 000yy | |
| 200 | 1 | @a坏人来了,怎么办@9huai ren lai le , zen me ban@f马枭著 |
| 210 | @a长春@c吉林美术出版社@d2016 | |
| 215 | @a124页@c彩图@d21cm | |
| 300 | @a小豆子彩书坊 我也要懂安全 彩绘注音版 | |
| 606 | 0 | @a安全教育@j儿童读物 |
| 690 | @aX956-49@v5 | |
| 701 | 0 | @a马枭@9ma xiao@4著 |
| 801 | 0 | @aCN@b91MARC@c20160923 |
| 905 | @aMuseLib@dX956-49@e38 | |
| 坏人来了,怎么办/马枭著.-长春:吉林美术出版社,2016 |
| 124页:彩图;21cm |
| 小豆子彩书坊 我也要懂安全 彩绘注音版 |
| ISBN 978-7-5575-0853-1:CNY19.90 |
| ● |
| 相关链接 |
|
|
|
|
正题名:坏人来了,怎么办
索取号:X956-49/38
 
预约/预借
| 序号 | 登录号 | 条形码 | 馆藏地/架位号 | 状态 | 备注 |
| 1 | 1113223 | 211132237 | 第二样本阅览室/ [索取号:X956-49/38] | 在馆 | |
| 2 | 1113224 | 211132246 | 教育系资料室/ [索取号:X956-49/38] | 在馆 | |
| 3 | 1113225 | 211132255 | 教育系资料室/ [索取号:X956-49/38] | 在馆 | |
| 4 | 1113226 | 211132264 | 第三借阅区/ [索取号:X956-49/38] | 在馆 |